000 00715nam a2200241 a 4500
001 14663
003 BD-RjUL
005 20211208235653.0
008 140208s19631943enka j 00010 eng d
035 _a(BD-RjUL)14717
035 _a(BD-RjUL)
040 _aANL
_cANL
_beng
_d(BD-RjUL)
041 _aeng
082 _219
_a595.78
_bHYB 1963
100 1 _a Hyde ,George E.
_945702
245 1 0 _aButterflies in Britain /
_cwritten and lithographed by Richard Chopping.
260 0 _bJarrold ;
_c1963.
300 _a48 p. :
_bill. ;
_c13 x 20 cm.
500 _aFor children.
650 0 _aButterflies
_zGreat Britain
_xJuvenile literature.
_945704
942 _2ddc
_cBK
999 _c14663
_d14663